000 00562pab a2200181 454500
008 180718b2008 xxu||||| |||| 00| 0 eng d
100 _aVigoda-Gadot, Eran
245 _aNew public management values and person-organization fit: a socio-psychological approach and empirical examination among public sector personnel
260 _c2008
300 _ap.111-31.
650 _aPersonnel management
650 _aCivil service
650 _aPublic administration
700 _aMeiri, Sagie
773 _aPublic Administration
908 _aN
909 _a77883
999 _c77883
_d77883